| 000 | 01027cam a2200217 4500 | ||
|---|---|---|---|
| 001 | WB3811-30 | ||
| 008 | 020321n2002 000 0 eng u | ||
| 035 | _a(Sirsi) u117196 | ||
| 245 | _aNew focus for English Partnerships | ||
| 260 | _c2002 | ||
| 490 |
_aDTLR News Release _v(0117) 20 March 2002, (2) |
||
| 520 | _aThe future role of English Partnerships (EP) is revealed following stage one of its quinquennial review. EP will focus on brownfield regeneration and manage a national portfolio of strategic sites and demonstration projects. To concentrate on these new areas, EP will give their non strategic Commission for the New Towns (CNT) landholdings to appropriate bodies and gradually stop using their CNT planning powers. http://www.press.dtlr.gov.uk/pns/DisplayPN.cgi?pn_id=2002_0117 | ||
| 590 | _aWB | ||
| 650 | _aENGLISH PARTNERSHIPS | ||
| 650 | _aBROWNFIELD LAND | ||
| 650 | _aREGENERATION | ||
| 650 | _aDEMONSTRATION PROJECTS | ||
| 650 | _aSTRATEGIC SITES | ||
| 690 | _aREGENERATION | ||
| 942 | _n0 | ||
| 999 |
_c69824 _d69824 |
||